Dược lý học Sách đào tạo dược sĩ đại học

Tập 1 gồm chủ yếu phần dược lý đại cương và có thêm hai chương: thuốc tác dụng trên hệ thần kinh thực vật và thuốc tác dụng trên hệ thần kinh trung ương.

Salvato in:
Dettagli Bibliografici
Autore principale: Mai, Tất Tố
Ente Autore: Trường Đại học Y khoa Hà Nội
Natura: Libro
Lingua:Undetermined
Pubblicazione: Hà Nội Y học 2017
Soggetti:
Tags: Aggiungi Tag
Nessun Tag, puoi essere il primo ad aggiungerne! !
Thư viện lưu trữ: Trung tâm Học liệu Trường Đại học Cần Thơ
LEADER 00912nam a2200217Ia 4500
001 CTU_230765
008 210402s9999 xx 000 0 und d
020 |c 57000 
082 |a 615.7 
082 |b T450/T.1 
100 |a Mai, Tất Tố 
110 |a Trường Đại học Y khoa Hà Nội 
245 0 |a Dược lý học 
245 0 |b Sách đào tạo dược sĩ đại học 
245 0 |c Mai Tất Tố, Vũ Thị Trâm (chủ biên) 
260 |a Hà Nội 
260 |b Y học 
260 |c 2017 
520 |a Tập 1 gồm chủ yếu phần dược lý đại cương và có thêm hai chương: thuốc tác dụng trên hệ thần kinh thực vật và thuốc tác dụng trên hệ thần kinh trung ương. 
650 |a Pharmacology,Dược lý học 
980 |a Trung tâm Học liệu Trường Đại học Cần Thơ